02037na a2200445 450000100060000000300080000600500170001400800410003103500100007204000250008204100080010708200280011509000190014310000520016224000360021424501330025024600780038326000220046130000410048344000740052450000560059860000860065460001010074061000560084161000610089761000880095865100430104665700390108965700450112865700420117365700320121565700300124765700470127774000780132483000370140283000230143994200130146295201010147599900150157619708MIRAKIL20181213155131.0161226b tu 000 0  a19708 aMilasbturcTR-AnCHP atur aCHP 324.2372bK44y 2015 aBROŞÜR 155 aKılıçdaroğlu, KemalcCHP Genel Başkanı aYaşanacak bir Türkiyef2015 aYaşanacak bir TürkiyebKültürel değerlerin korunmasıyla ilgili sorunları sıfırlıyoruzc[Kemal Kılıçdaroğlu] aKültürel değerlerin korunmasıyla ilgili sorunları sıfırlıyoruz aAnkarabCHPc2015 aktl. broşürbrnkl. fotg.c20 sm. aCumhuriyet Halk Partisi yayınlarıpYaşanacak bir Türkiye dizisi aBaşka yapıt adı: Gelin oy verin sıfırlayalım aKılıçdaroğlu, KemalxPropaganda ve ideolojileryKültürel çoğulculuk aKılıçdaroğlu, KemalcCHP Genel BaşkanıxSeçim kampanyaları, 2015ykültürel miras aCHPxKültürel sorunlaryÇözüm önerileri aCHPxSeçim kampanyaları, 2015yKültür politikası aCHPxPropaganda ve ideolojileryKılıçdaroğlu dönemiyGenel seçimler, 2015 aTürkiyexSiyaset ve yönetimy2015- aCHP kültürel miras politikası aCHP çağdaş müzecilik politikası aYaşanacak bir Türkiye kampanyası aCHP seçim propagandaları aCHP seçim kampanyaları aGelin oy verin sıfırlayalım kampanyası aKültürel değerlerin korunmasıyla ilgili sorunları sıfırlıyoruz aYaşanacak bir Türkiye dizisi aCHP broşürleri 2ddccBKS a0001b0001d2016-12-26e2l0oBROŞÜR 155p011247r2016-12-26 00:00:00v0.00w2016-12-26yBKS c7203d7203